Loading...
| Fine Arts - Auditory Fine Arts | 4 | 27.50 | 100% | 75% | 100% |
| Fine Arts - Other Fine Arts | 4 | 17.50 | 100% | 50% | 25% |
| Fine Arts - Visual Fine Arts | 1 | 20.00 | 100% | 100% | 0% |
| Geography | 1 | 10.00 | 100% | 0% | 0% |
| History - American History | 4 | 12.50 | 100% | 25% | 0% |
| History - European History | 1 | 20.00 | 100% | 100% | 0% |
| History - Other History | 4 | 12.50 | 100% | 25% | 0% |
| History - World History | 5 | 18.00 | 100% | 60% | 20% |
| Literature - American Literature | 4 | 7.50 | 75% | 0% | 0% |
| Literature - British Literature | 1 | 10.00 | 100% | 0% | 0% |
| Literature - European Literature | 5 | 14.00 | 100% | 40% | 0% |
| Literature - World Literature | 5 | 18.00 | 100% | 40% | 40% |
| Mythology | 3 | 16.67 | 100% | 67% | 0% |
| Other Academic | 1 | 10.00 | 100% | 0% | 0% |
| Philosophy | 6 | 15.00 | 100% | 33% | 17% |
| Religion | 5 | 14.00 | 100% | 20% | 20% |
| Science - Biology | 5 | 8.00 | 80% | 0% | 0% |
| Science - Chemistry | 4 | 7.50 | 75% | 0% | 0% |
| Science - Other Science | 2 | 5.00 | 50% | 0% | 0% |
| Science - Physics | 4 | 12.50 | 100% | 0% | 25% |
| Social Science | 3 | 13.33 | 100% | 0% | 33% |